বঙ্গীয় মুসলমান (Record no. 18005)
[ view plain ]
| 000 -LEADER | |
|---|---|
| fixed length control field | 01053nam a22002297a 4500 |
| 003 - CONTROL NUMBER IDENTIFIER | |
| control field | BDDh-ASL |
| 005 - DATE AND TIME OF LATEST TRANSACTION | |
| control field | 20231015025652.0 |
| 008 - FIXED-LENGTH DATA ELEMENTS--GENERAL INFORMATION | |
| fixed length control field | 200916b1985 ||||| |||| 00| 0 d |
| 040 ## - CATALOGING SOURCE | |
| Original cataloging agency | BDDh-ASL |
| Transcribing agency | BDDh-ASL |
| Modifying agency | BDDh-ASL |
| 041 ## - LANGUAGE CODE | |
| Language code of text/sound track or separate title | bengali |
| 082 ## - DEWEY DECIMAL CLASSIFICATION NUMBER | |
| Classification number | 297.09254 |
| Item number | YUB |
| 100 ## - MAIN ENTRY--PERSONAL NAME | |
| 9 (RLIN) | 840 |
| Personal name | ইউসফজী, নওসের আলি খাঁ |
| 245 #0 - TITLE STATEMENT | |
| Title | বঙ্গীয় মুসলমান |
| Statement of responsibility, etc. | নওসের আলি খাঁ ইউসফজী; গোলাম সাকলায়েন (সম্পা.)। |
| 246 ## - VARYING FORM OF TITLE | |
| Title proper/short title | Bangya Musalman. |
| 260 ## - PUBLICATION, DISTRIBUTION, ETC. | |
| Place of publication, distribution, etc. | ঢাকা: |
| Name of publisher, distributor, etc. | ইসলামিক ফাউণ্ডেশন বাংলাদেশ, |
| Date of publication, distribution, etc. | ১৯৮৫। |
| 300 ## - PHYSICAL DESCRIPTION | |
| Extent | ৫৩ পৃষ্ঠা: |
| Dimensions | ২২ সে. মি.। |
| 504 ## - BIBLIOGRAPHY, ETC. NOTE | |
| Bibliography, etc. note | গ্রন্থপঞ্জি সংযুক্ত। |
| 600 ## - SUBJECT ADDED ENTRY--PERSONAL NAME | |
| Source of heading or term | বাংলার |
| 650 #0 - SUBJECT ADDED ENTRY--TOPICAL TERM | |
| 9 (RLIN) | 841 |
| Topical term or geographic name entry element | বঙ্গীয় মুসলমান |
| General subdivision | ইসলাম ধর্ম |
| 700 10 - ADDED ENTRY--PERSONAL NAME | |
| Personal name | সাকলায়েন, গোলাম |
| 9 (RLIN) | 842 |
| 942 ## - ADDED ENTRY ELEMENTS (KOHA) | |
| Source of classification or shelving scheme | Dewey Decimal Classification |
| Koha item type | Books |
| Withdrawn status | Lost status | Source of classification or shelving scheme | Damaged status | Not for loan | Collection code | Home library | Current library | Shelving location | Date acquired | Source of acquisition | Total Checkouts | Full call number | Barcode | Date last seen | Copy number | Price effective from | Koha item type |
|---|---|---|---|---|---|---|---|---|---|---|---|---|---|---|---|---|---|
| Dewey Decimal Classification | Non-fiction | Asiatic Society Library | Asiatic Society Library | General Stacks | 09/16/2020 | Donated by Professor Husniara Huq | 297.09254 YUB | 101150 | 09/16/2020 | C-1 | 09/16/2020 | Books |